De la dependencia a la liberación política exterior de América Latina (Registro nro. 61214)

Detalles MARC
000 -ENCABEZADO
Número de control [NR] 00731nam a2200193Ia 4500
008 - DE LONGITUD FIJA DE DATOS DE ELEMENTOS - INFORMACIÓN GENERAL
Elementos de longitud fija [NR] 130821s1973 ag gr spa
040 ## - FUENTE DE CATALOGACION [NR]
Agencia de catalogación original [NR] Co-BoUCM
Idioma de catalogación [NR] spa
041 00 - CODIGO DE IDIOMA [R]
Código de idioma para texto/pista de sonido o título separado [R] Español
245 00 - MENCION DE TITULO [NR]
Título [NR] De la dependencia a la liberación política exterior de América Latina
Mención de responsabilidad, etc. [NR] [por] Juan Carlos Puig...[et al.]
260 ## - PUBLICACION, DISTRIBUCION, ETC. (PIE DE IMPRENTA) [R]
Lugar de publicación, distribución, etc. [R] Buenos Aires (Argentina)
Nombre del editor, distribuidor, etc. [R] Ediciones La Bastilla
Fecha de publicación, distribución, etc. [R] [1973]
300 ## - DESCRIPCION FISICA [R]
Extensión [R] 309 páginas
490 0# - MENCION DE SERIE [R]
Mención de serie [R] Serie sin límites
504 ## - NOTA DE BIBLIOGRAFIA, ETC. [R]
Nota de bibliografía, etc. [NR]
651 #7 - ASIENTO SECUNDARIO DE MATERIA - NOMBRE GEOGRAFICO [R]
Nombre geográfico [NR] América Latina
Geographic name following place entry element [OBSOLETE] Relaciones internacionales
9 (RLIN) 26570
651 #7 - ASIENTO SECUNDARIO DE MATERIA - NOMBRE GEOGRAFICO [R]
Nombre geográfico [NR] América Latina
Subdivisión general [R] Política y gobierno
9 (RLIN) 26570
700 1# - ASIENTO SECUNDARIO - NOMBRE PERSONAL [R]
Nombre personal [NR] Puig, Juan Carlos
942 ## - ELEMENTOS DE ENTRADA AGREGADOS (KOHA)
Tipo de ítem principal el descrito en 300a Libro
Tema principal Ciencia política
Edición 1
Parte restante de la signatura top. P833
Sistema de clasificación DEWEY
Clasificación 327.86
Existencias
Total préstamos Signatura topográfica Código de barras Última vez visto Ejemplar Price effective from Tipo de ítem Perdido Sistema de clasificación Dañado No prestable Tipo de ítem específico Suprimido Ubicación habitual Ubicación actual Localización Fecha de creación Forma de adquisición Costo
  327.86 P833 3000031 15/12/2012 Ej.1 03/02/2013 Libro   DEWEY     Libro     Bib. Cavelier Acavalier 30/09/2003   0.00